[Event "Ruhrgebiet Verbandsklasse Gruppe 3 1718"]
[Site "Germany"]
[Date "2017.12.03"]
[Round "4.4"]
[White "Koprek, Juergen"]
[Black "Hater, Norbert"]
[Result "1/2-1/2"]
[WhiteElo "1856"]
[BlackElo "1879"]
[PlyCount "39"]
[EventDate "2017.09.17"]
[EventType "team-tourn"]
[EventRounds "9"]
[EventCountry "GER"]
[SourceTitle "EXT 2022"]
[Source "ChessBase"]
[SourceDate "2021.10.06"]
[SourceVersion "1"]
[SourceVersionDate "2021.10.06"]
[SourceQuality "1"]
[WhiteTeam "Ruettenscheid Rochade"]
[BlackTeam "Hervest Dorsten"]
[WhiteTeamCountry "GER"]
[BlackTeamCountry "GER"]

1. d4 g6 2. c4 Bg7 3. Nc3 d6 4. e4 Nc6 5. Be3 e5 6. Nge2 f5 7. d5 Nce7 8. f3 Nf6 9. Qd2 Bd7 10. Bh6 Bxh6 11. Qxh6 Kf7 12. 0-0-0 a6 13. Qe3 b5 14. exf5 Nxf5 15. Qd2 bxc4 16. Ng3 Qb8 17. Bxc4 Qb4 18. Nxf5 gxf5 19. Qe2 Rhg8 20. g3 1/2-1/2

[Event "Ruhrgebiet Verbandsklasse Gruppe 2 1617"]
[Site "Germany"]
[Date "2016.09.04"]
[Round "1.6"]
[White "Koprek, Juergen"]
[Black "Baar, Michael"]
[Result "0-1"]
[WhiteElo "1891"]
[BlackElo "1899"]
[PlyCount "64"]
[EventDate "2016.09.04"]
[EventType "team-tourn"]
[EventRounds "9"]
[EventCountry "GER"]
[SourceTitle "EXT 2022"]
[Source "ChessBase"]
[SourceDate "2021.10.06"]
[SourceVersion "1"]
[SourceVersionDate "2021.10.06"]
[SourceQuality "1"]
[WhiteTeam "Ruettenscheid Rochade"]
[BlackTeam "Buer SF"]
[WhiteTeamCountry "GER"]
[BlackTeamCountry "GER"]

1. d4 g6 2. c4 Bg7 3. Nc3 d6 4. e4 Nc6 5. d5 Nd4 6. Nge2 c5 7. Nxd4 cxd4 8. Nb5 Qb6 9. c5 dxc5 10. Bf4 Kf8 11. Rc1 Qf6 12. Qd2 b6 13. e5 Qf5 14. Bd3 Qd7 15. 0-0 Bb7 16. d6 g5 17. Bg3 h5 18. Qxg5 h4 19. Bxh4 exd6 20. Nxd6 f6 21. Qg3 fxe5 22. f4 e4 23. Nxe4 Bxe4 24. Bxe4 Re8 25. Bf3 d3 26. b3 Nh6 27. f5 Be5 28. Qg6 Nf7 29. Bh5 Bd4+ 30. Kh1 Re4 31. Qxf7+ Qxf7 32. Bxf7 Rexh4 0-1

[Event "Remote-ch Class2 Gr.A email"]
[Site "Remote email"]
[Date "2014.04.20"]
[Round "?"]
[White "Doderer, Harald"]
[Black "Koprek, Juergen"]
[Result "1-0"]
[WhiteElo "2467"]
[BlackElo "2449"]
[PlyCount "77"]
[EventDate "2014.??.??"]
[EventType "tourn (corr)"]
[EventRounds "10"]
[EventCountry "GER"]
[SourceTitle "Corr 2015"]
[Source "ChessBase"]
[SourceDate "2015.07.17"]
[SourceVersion "1"]
[SourceVersionDate "2015.07.17"]
[SourceQuality "1"]

1. e4 c5 2. Nf3 d6 3. d4 cxd4 4. Nxd4 Nf6 5. Nc3 a6 6. Be3 e6 7. f3 b5 8. g4 h6 9. Qd2 Nbd7 10. 0-0-0 Bb7 11. h4 b4 12. Na4 Qa5 13. b3 Nc5 14. a3 Nxa4 15. axb4 Qc7 16. bxa4 d5 17. e5 Nd7 18. f4 Nb6 19. Rh3 Nxa4 20. Bf2 Rc8 21. Be1 Be7 22. Qd3 Nb6 23. g5 Nc4 24. g6 Bd8 25. Be2 0-0 26. Bh5 Qe7 27. gxf7+ Rxf7 28. Bxf7+ Qxf7 29. f5 Nxe5 30. Qe2 Nc6 31. Nxe6 Bf6 32. Rxd5 Nxb4 33. Rc5 Rxc5 34. Nxc5 a5 35. Nxb7 Qxb7 36. Qe8+ Kh7 37. Qg6+ Kg8 38. Re3 Na2+ 39. Kd1 1-0

[Event "Remote-ch Class2 Gr.A email"]
[Site "Remote email"]
[Date "2014.04.20"]
[Round "?"]
[White "Koestner, Wolfgang"]
[Black "Koprek, Juergen"]
[Result "1/2-1/2"]
[WhiteElo "2371"]
[BlackElo "2449"]
[PlyCount "87"]
[EventDate "2014.??.??"]
[EventType "tourn (corr)"]
[EventRounds "10"]
[EventCountry "GER"]
[SourceTitle "Corr 2015"]
[Source "ChessBase"]
[SourceDate "2015.07.17"]
[SourceVersion "1"]
[SourceVersionDate "2015.07.17"]
[SourceQuality "1"]

1. Nf3 d5 2. g3 Nf6 3. Bg2 c6 4. 0-0 Bg4 5. c4 e6 6. d3 Nbd7 7. cxd5 exd5 8. h3 Bh5 9. Nc3 Bc5 10. Qb3 Bb6 11. Na4 Bxf3 12. Bxf3 0-0 13. Nxb6 axb6 14. Be3 Ra6 15. a4 Qe7 16. Qc3 Rfa8 17. b3 Nf8 18. Bd2 Ne6 19. Qb2 d4 20. Rfe1 Nd7 21. Qc2 Ndc5 22. Bg2 Nc7 23. Bb4 Qe5 24. Rad1 N5e6 25. e4 dxe3 26. Rxe3 Qd4 27. Bc3 Qd7 28. d4 Rd8 29. Re5 Raa8 30. h4 Qd6 31. Bf1 Nf8 32. Bc4 Nd7 33. Rg5 Nd5 34. Bd2 h6 35. Rf5 Re8 36. Bxd5 cxd5 37. Rc1 Nf6 38. Qc7 Qe6 39. Qf4 Rac8 40. Re5 Rxc1+ 41. Bxc1 Qd7 42. Kg2 Rc8 43. Ba3 Rc3 44. Be7 1/2-1/2

[Event "Remote-ch Class2 Gr.A email"]
[Site "Remote email"]
[Date "2014.04.20"]
[Round "?"]
[White "Warzecha, Helmut"]
[Black "Koprek, Juergen"]
[Result "1/2-1/2"]
[WhiteElo "2412"]
[BlackElo "2454"]
[PlyCount "35"]
[EventDate "2014.??.??"]
[EventType "tourn (corr)"]
[EventRounds "10"]
[EventCountry "GER"]
[SourceTitle "Corr 2015"]
[Source "ChessBase"]
[SourceDate "2015.07.17"]
[SourceVersion "1"]
[SourceVersionDate "2015.07.17"]
[SourceQuality "1"]

1. e4 c5 2. Nf3 d6 3. d4 cxd4 4. Nxd4 a6 5. Bc4 Nf6 6. Nc3 e6 7. Be3 Be7 8. Qe2 0-0 9. f3 b5 10. Bb3 Qc7 11. g4 Nfd7 12. Bxe6 Bh4+ 13. Kd2 fxe6 14. Nxe6 Qc6 15. g5 Re8 16. Nd4 Qc5 17. Ne6 Qc6 18. Nd4 1/2-1/2

[Event "Remote-ch Class2 Gr.A email"]
[Site "Remote email"]
[Date "2014.04.20"]
[Round "?"]
[White "Zidu, Jan"]
[Black "Koprek, Juergen"]
[Result "1-0"]
[WhiteElo "2553"]
[BlackElo "2449"]
[PlyCount "71"]
[EventDate "2014.??.??"]
[EventType "tourn (corr)"]
[EventRounds "10"]
[EventCountry "GER"]
[SourceTitle "Corr 2015"]
[Source "ChessBase"]
[SourceDate "2015.07.17"]
[SourceVersion "1"]
[SourceVersionDate "2015.07.17"]
[SourceQuality "1"]

1. e4 c5 2. Nf3 d6 3. d4 cxd4 4. Nxd4 Nf6 5. Nc3 a6 6. Be3 e6 7. Be2 Be7 8. Qd2 Qc7 9. g4 h5 10. gxh5 Nxh5 11. 0-0-0 Nd7 12. Rhg1 g6 13. Nxe6 fxe6 14. Rxg6 Nhf6 15. Bg5 Qc5 16. h4 b5 17. e5 Qxe5 18. f4 Qc5 19. Bf3 Ra7 20. Rg7 Bb7 21. b4 Qc7 22. Bg4 Rh7 23. Rxh7 Nxh7 24. Bxe6 Nxg5 25. hxg5 Kd8 26. Kb1 Ra8 27. Qd4 Rc8 28. Qh8+ Bf8 29. Rd3 d5 30. g6 Qxf4 31. g7 Rxc3 32. gxf8Q+ Nxf8 33. Rxc3 Qxb4+ 34. Ka1 Qf4 35. a3 d4 36. Rc5 1-0

[Event "Remote Federal-ch email"]
[Site "Remote email"]
[Date "2013.09.11"]
[Round "?"]
[White "Koprek, Juergen"]
[Black "Langschmidt, Dirk"]
[Result "1-0"]
[WhiteElo "2442"]
[BlackElo "1980"]
[PlyCount "43"]
[EventDate "2013.??.??"]
[EventType "swiss (corr)"]
[EventRounds "12"]
[EventCountry "GER"]
[SourceTitle "Corr 2015"]
[Source "ChessBase"]
[SourceDate "2015.07.17"]
[SourceVersion "1"]
[SourceVersionDate "2015.07.17"]
[SourceQuality "1"]

1. d4 d5 2. c4 c6 3. cxd5 cxd5 4. Nf3 Nf6 5. Nc3 Nc6 6. Bf4 Nh5 7. Bd2 e6 8. e3 Bd6 9. Ne5 g6 10. Nd3 f5 11. Be2 Nf6 12. 0-0 h6 13. Nb5 Bb8 14. f4 g5 15. Rc1 Bd7 16. Nc5 b6 17. Nxe6 Bxe6 18. Rxc6 Qd7 19. Qc2 a6 20. Rxb6 0-0 21. Qa4 Bc7 22. Rxa6 1-0

[Event "Remote Federal-ch email"]
[Site "Remote email"]
[Date "2013.09.11"]
[Round "?"]
[White "Koprek, Juergen"]
[Black "Mueller, Achim"]
[Result "1/2-1/2"]
[WhiteElo "2454"]
[BlackElo "2470"]
[PlyCount "90"]
[EventDate "2013.??.??"]
[EventType "swiss (corr)"]
[EventRounds "12"]
[EventCountry "GER"]
[SourceTitle "Corr 2015"]
[Source "ChessBase"]
[SourceDate "2015.07.17"]
[SourceVersion "1"]
[SourceVersionDate "2015.07.17"]
[SourceQuality "1"]

1. d4 Nf6 2. c4 g6 3. Nc3 d5 4. cxd5 Nxd5 5. e4 Nxc3 6. bxc3 Bg7 7. Bc4 c5 8. Ne2 Nc6 9. Be3 0-0 10. 0-0 b6 11. dxc5 Qc7 12. Nd4 Ne5 13. Nb5 Qb8 14. Be2 bxc5 15. f4 Ng4 16. Bxc5 a6 17. Na3 Qc7 18. Bd4 e5 19. fxe5 Nxe5 20. Qc1 Rb8 21. h3 Re8 22. Nc2 Nc6 23. Bxg7 Kxg7 24. Qe3 f5 25. Bd3 Bb7 26. Rab1 Ne5 27. exf5 Nf3+ 28. Rxf3 Rxe3 29. Rxe3 Bd5 30. Rxb8 Qxb8 31. Nb4 Ba8 32. fxg6 hxg6 33. Re6 a5 34. Nc2 Qb2 35. Rxg6+ Kf8 36. Rg4 Qxc3 37. Rf4+ Ke7 38. Bf5 Qc5+ 39. Rf2 Bd5 40. a3 Bb3 41. Bd3 Qc3 42. Bg6 Bxc2 43. Bxc2 Qxa3 44. Kh2 Qb2 45. Kg1 Qd4 1/2-1/2

[Event "Remote-chT2 Bd.1/2 email"]
[Site "Remote email"]
[Date "2013.02.15"]
[Round "?"]
[White "Figura, Atila Gajo"]
[Black "Koprek, Juergen"]
[Result "1/2-1/2"]
[WhiteElo "2372"]
[BlackElo "2422"]
[PlyCount "53"]
[EventDate "2013.??.??"]
[EventType "tourn (corr)"]
[EventRounds "8"]
[EventCountry "GER"]
[SourceTitle "Corr 2015"]
[Source "ChessBase"]
[SourceDate "2015.07.17"]
[SourceVersion "1"]
[SourceVersionDate "2015.07.17"]
[SourceQuality "1"]

1. d4 d5 2. c4 e6 3. Nc3 Nf6 4. Nf3 Be7 5. Bf4 0-0 6. e3 Nbd7 7. c5 Nh5 8. Bd3 Nxf4 9. exf4 b6 10. b4 a5 11. a3 c6 12. 0-0 Qc7 13. g3 Ba6 14. Bxa6 Rxa6 15. Qe2 Rfa8 16. b5 cxb5 17. Nxd5 exd5 18. Qxe7 Rc8 19. c6 Nf6 20. Qe2 Qxc6 21. Rfc1 Qxc1+ 22. Rxc1 Rxc1+ 23. Kg2 Ra8 24. Qxb5 Rb8 25. Ne5 Rc2 26. Qb3 Rd2 27. Nf3 1/2-1/2

[Event "Remote S7 Top 65 email"]
[Site "Remote email"]
[Date "2012.10.21"]
[Round "?"]
[White "Koprek, Juergen"]
[Black "Tauscher, Karl"]
[Result "1-0"]
[WhiteElo "2412"]
[BlackElo "2459"]
[PlyCount "97"]
[EventDate "2012.??.??"]
[EventType "tourn (corr)"]
[EventRounds "6"]
[EventCountry "GER"]
[SourceTitle "Corr 2015"]
[Source "ChessBase"]
[SourceDate "2015.07.17"]
[SourceVersion "1"]
[SourceVersionDate "2015.07.17"]
[SourceQuality "1"]

1. d4 Nf6 2. c4 c5 3. d5 b5 4. cxb5 a6 5. bxa6 g6 6. a7 Rxa7 7. Nc3 Ba6 8. e4 Bxf1 9. Kxf1 d6 10. g3 Bg7 11. Kg2 0-0 12. Nf3 Nh5 13. Re1 Nd7 14. Nb5 Ra8 15. a4 Nb6 16. Ra2 Qd7 17. b3 Rfb8 18. Bb2 Bxb2 19. Rxb2 Nf6 20. Rc2 Rd8 21. Qe2 Rdc8 22. Nd2 Rcb8 23. f4 Rd8 24. Qf3 Qb7 25. h3 Nfd7 26. g4 Rf8 27. Qg3 Nf6 28. Rf1 h6 29. Kg1 Kh7 30. Qh4 Kg7 31. Rc3 Qd7 32. Rcf3 Rad8 33. Qg3 Rg8 34. R3f2 Rb8 35. Nc3 Qb7 36. g5 Nh5 37. gxh6+ Kh8 38. Qh4 Rbe8 39. Nf3 Nd7 40. Nb5 c4 41. bxc4 Qc8 42. Rc2 Nc5 43. e5 Qf5 44. Nfd4 Qd3 45. Rf3 Qd1+ 46. Kh2 Ne4 47. Qg4 Qa1 48. Qg2 f5 49. Qf1 1-0